[Event "4NCL Online Division 5"]
[Site "online"]
[Date "2020.06.02"]
[Round "9.153"]
[White "Hobson, Kenneth"]
[Black "Kapur, Gul"]
[Result "1-0"]
[WhiteElo "1825"]
[BlackElo "1510"]
[PlyCount "85"]
[EventDate "2020.06.02"]
[WhiteTeam "Oxford 4"]
[BlackTeam "Broken Herts 1"]

1. e4 c6 2. d4 d5 3. exd5 cxd5 4. Bd3 Nf6 5. Bf4 Bg4 6. f3 Bh5 7. c3 a6 8. Nd2
Nc6 9. Ne2 e6 10. Nb3 Qb6 11. Bg3 Bg6 12. Nf4 Bxd3 13. Nxd3 Be7 14. O-O Nh5 15.
Bf2 Bd6 16. Qd2 Qc7 17. g3 Qe7 18. f4 O-O 19. Rae1 Nf6 20. Qd1 Ne4 21. Nd2 f5
22. Ne5 Rad8 23. Nxe4 dxe4 24. Qa4 Qc7 25. Qb3 Qe7 26. Nxc6 bxc6 27. Qc4 Qd7
28. Qxa6 Ra8 29. Qc4 Ra5 30. a3 Rb8 31. Re2 Kf7 32. Be3 Rab5 33. Bc1 Rb3 34. g4
g6 35. gxf5 gxf5 36. Rg2 c5 37. Qe2 Rg8 38. Qh5+ Kf8 39. Rxg8+ Kxg8 40. Rf2 Kh8
41. Rg2 cxd4 42. Qg5 Rb8 43. Qf6+ 1-0

[Event "4NCL Online Division 5"]
[Site "online"]
[Date "2020.06.02"]
[Round "9.154"]
[White "Zsibrita, Steve"]
[Black "Bentham, Sam"]
[Result "0-1"]
[WhiteElo "1495"]
[BlackElo "1625"]
[PlyCount "70"]
[EventDate "2020.06.02"]
[WhiteTeam "Broken Herts 1"]
[BlackTeam "Oxford 4"]

1. d4 d5 2. e3 Nf6 3. Bd3 c5 4. c3 Nc6 5. f4 Bg4 6. Nf3 e6 7. O-O Ne4 8. Qe1
Bxf3 9. Rxf3 f5 10. Rh3 Be7 11. Bb5 O-O 12. Bxc6 bxc6 13. Nd2 cxd4 14. exd4 c5
15. Nf3 cxd4 16. Nxd4 Qb6 17. Kh1 Rab8 18. Qe2 Bc5 19. Rd3 Rfe8 20. a3 e5 21.
fxe5 Rxe5 22. Qf3 Nxc3 23. Nc2 Ne4 24. Be3 Qxb2 25. Bxc5 Nxc5 26. Rad1 Nxd3 27.
Qxd3 Rbe8 28. h3 Kf8 29. Kh2 Re2 30. Rd2 Rxd2 31. Qxd2 Rc8 32. Qb4+ Qxb4 33.
Nxb4 d4 34. Nd5 d3 35. Kg3 d2 0-1

[Event "4NCL Online Division 5"]
[Site "online"]
[Date "2020.06.02"]
[Round "9.161"]
[White "Chung, Ethan Cheung Jing"]
[Black "Henderson, Jason"]
[Result "1-0"]
[WhiteElo "1847"]
[BlackElo "1705"]
[PlyCount "65"]
[EventDate "2020.06.02"]
[WhiteTeam "Young Dragons"]
[BlackTeam "East Cornwall Clowns"]

1. e4 e6 2. d4 d5 3. e5 c5 4. c3 Nc6 5. Be3 Qb6 6. Qd2 Nh6 7. Nf3 Nf5 8. Be2
Bd7 9. O-O h6 10. dxc5 Bxc5 11. Bxc5 Qxc5 12. Na3 a6 13. b4 Qe7 14. Nc2 O-O 15.
Rfd1 Rfd8 16. a4 Rac8 17. Rdb1 Be8 18. b5 axb5 19. axb5 Nb8 20. Ra7 Qc7 21.
Ncd4 Nxd4 22. Qxd4 Nd7 23. b6 Qxc3 24. Rxb7 Qxd4 25. Nxd4 Nxe5 26. Ra7 Nc6 27.
Nxc6 Bxc6 28. Rc1 d4 29. Rc7 Bd7 30. b7 Rxc7 31. Rxc7 Kf8 32. Rxd7 Rb8 33. Rc7
1-0

[Event "4NCL Online Division 5"]
[Site "online"]
[Date "2020.06.02"]
[Round "9.162"]
[White "Jenkins, Simon"]
[Black "Wu, Yuxuan"]
[Result "0-1"]
[WhiteElo "1525"]
[BlackElo "1480"]
[PlyCount "119"]
[EventDate "2020.06.02"]
[WhiteTeam "East Cornwall Clowns"]
[BlackTeam "Young Dragons"]

1. e4 c5 2. Nc3 g6 3. f4 Bg7 4. Nf3 e6 5. Bc4 Nc6 6. a3 Nge7 7. d3 Nd4 8. Nb5
Nxb5 9. Bxb5 Qa5+ 10. Bd2 Qxb5 11. e5 b6 12. O-O Bb7 13. Qe1 Qc6 14. Qg3 Nf5
15. Qh3 d6 16. c3 dxe5 17. fxe5 Rd8 18. Ng5 Bxe5 19. Ne4 Bg7 20. Bg5 f6 21.
Bxf6 Bxf6 22. Nxf6+ Ke7 23. Ne4 Qd5 24. Rad1 c4 25. Rfe1 cxd3 26. g4 d2 27. Re2
Qc4 28. Qf3 Bxe4 29. Rxe4 Qc5+ 30. Kh1 Nd6 31. Rd4 Nb5 32. R4xd2 Rxd2 33. Rxd2
Rf8 34. Qd3 Qd5+ 35. Qxd5 exd5 36. Rxd5 Nd6 37. Kg2 Ke6 38. Rd4 g5 39. Kg3 Rf1
40. Rb4 Re1 41. Kf2 Re4 42. Rxe4+ Nxe4+ 43. Kf3 Nd6 44. h3 Kd5 45. b3 b5 46.
Ke3 a5 47. Kd3 a4 48. bxa4 bxa4 49. Kc2 Nc4 50. Kd3 Nxa3 51. Kd2 Nc4+ 52. Kc2
a3 53. Kb3 h6 54. Ka2 Ke4 55. Kb3 Kd3 56. h4 gxh4 57. g5 hxg5 58. Ka2 Kxc3 59.
Ka1 a2 60. Kxa2 0-1

[Event "4NCL Online Division 5"]
[Site "online"]
[Date "2020.06.02"]
[Round "9.163"]
[White "Davies, Milo"]
[Black "Knight, Steven"]
[Result "1-0"]
[WhiteElo "1420"]
[BlackElo "1427"]
[PlyCount "69"]
[EventDate "2020.06.02"]
[WhiteTeam "Young Dragons"]
[BlackTeam "East Cornwall Clowns"]

1. e4 e5 2. Nf3 Nc6 3. Bc4 h6 4. O-O Bc5 5. c3 a6 6. d4 exd4 7. cxd4 Ba7 8. Nc3
d6 9. Re1 Nge7 10. Be3 O-O 11. Qd2 Bg4 12. Be2 Bxf3 13. Bxf3 Ng6 14. Rac1 Qf6
15. Nd5 Qd8 16. h3 Nh4 17. Bg4 f5 18. Bf3 Nxf3+ 19. gxf3 Qd7 20. Kh2 Rae8 21.
Rg1 fxe4 22. Bxh6 Bxd4 23. Rxc6 Be5+ 24. f4 bxc6 25. fxe5 Rf7 26. Nf6+ Rxf6 27.
exf6 Qe6 28. Qg5 Qe5+ 29. Qxe5 Rxe5 30. Rxg7+ Kh8 31. f7 Rf5 32. Rg8+ Kh7 33.
f8=Q Rxf8 34. Rxf8 Kxh6 35. Rc8 1-0

[Event "4NCL Online Division 5"]
[Site "online"]
[Date "2020.06.02"]
[Round "9.164"]
[White "Hendin, Richard"]
[Black "Jaberansari, Benjamin"]
[Result "1-0"]
[WhiteElo "1360"]
[BlackElo "1330"]
[PlyCount "137"]
[EventDate "2020.06.02"]
[WhiteTeam "East Cornwall Clowns"]
[BlackTeam "Young Dragons"]

1. d4 Nf6 2. Nc3 g6 3. Bf4 Bg7 4. e3 O-O 5. Bd3 d6 6. h4 h5 7. Qd2 Nfd7 8. Nf3
e5 9. dxe5 dxe5 10. Bg3 f5 11. Bc4+ Kh8 12. Ng5 Qe8 13. Nd5 Nc5 14. Nxc7 Qd7
15. Qxd7 Bxd7 16. Nxa8 Nba6 17. O-O-O Bc6 18. f3 Rxa8 19. Nf7+ Kh7 20. Nxe5
Bxe5 21. Bxe5 Re8 22. Bf4 Ba4 23. Rd2 Nb4 24. Kb1 b5 25. c3 Nc2 26. Rxc2 Bxc2+
27. Kxc2 bxc4 28. b3 Nd3 29. bxc4 Nxf4 30. exf4 Re2+ 31. Kd3 Rxa2 32. Rg1 Rf2
33. Ke3 Rc2 34. Kd3 Rf2 35. c5 Rxf3+ 36. Kd4 Rxf4+ 37. Kd5 Re4 38. c6 Re7 39.
Kd6 Re3 40. Rc1 Rd3+ 41. Kc7 Rd2 42. Kc8 a5 43. c7 a4 44. Rb1 a3 45. Kb8 a2 46.
Ra1 Rb2+ 47. Kc8 Kg7 48. Kd7 Rd2+ 49. Kc6 Rc2 50. Rxa2 Rxc3+ 51. Kd7 Rd3+ 52.
Kc8 Kf7 53. Ra7 Ke7 54. Kb8 Rb3+ 55. Rb7 Rxb7+ 56. Kxb7 Ke6 57. c8=Q+ Ke5 58.
Qc4 f4 59. Kb6 Kf5 60. Qf7+ Kg4 61. Qxg6+ Kxh4 62. Kc5 f3 63. gxf3 Kh3 64.
Qxh5+ Kg2 65. Qg4+ Kh1 66. Kd4 Kh2 67. Ke3 Kh1 68. Kf2 Kh2 69. Qg2# 1-0

[Event "4NCL Online Division 5"]
[Site "online"]
[Date "2020.06.02"]
[Round "9.171"]
[White "Jeffs, David"]
[Black "Price, Liam"]
[Result "0-1"]
[WhiteElo "1720"]
[BlackElo "1712"]
[PlyCount "86"]
[EventDate "2020.06.02"]
[WhiteTeam "Warley and Quinborne"]
[BlackTeam "St Albans 3"]

1. d4 d5 2. Nf3 Nf6 3. h3 Bf5 4. e3 Nc6 5. Bd3 Be4 6. Nbd2 Bxd3 7. cxd3 e6 8.
O-O Bd6 9. Re1 Nb4 10. Qb3 b6 11. a3 Nc6 12. e4 Be7 13. Ne5 Na5 14. Qa4+ c6 15.
Nxc6 Qd7 16. exd5 Nxd5 17. Nf3 Qxc6 18. Qxc6+ Nxc6 19. Bd2 O-O 20. Rac1 Rac8
21. Rc2 Bf6 22. Rec1 Nce7 23. Bc3 Rc7 24. Ne5 Rfc8 25. Nc4 Nf5 26. Ne3 Nfxe3
27. fxe3 Nxe3 28. Re2 Nd5 29. Re4 Nxc3 30. bxc3 Rxc3 31. Rxc3 Rxc3 32. d5 Rxd3
33. dxe6 fxe6 34. Rxe6 Kf7 35. Rc6 Rxa3 36. Kf1 b5 37. g4 Rxh3 38. Rc7+ Kg6 39.
Rxa7 b4 40. Kg2 Ra3 41. Rb7 b3 42. Kf3 b2+ 43. Ke2 Ra1 0-1

[Event "4NCL Online Division 5"]
[Site "online"]
[Date "2020.06.02"]
[Round "9.172"]
[White "Pines, Chris"]
[Black "Draper, Martin"]
[Result "0-1"]
[WhiteElo "1570"]
[BlackElo "1525"]
[PlyCount "130"]
[EventDate "2020.06.02"]
[WhiteTeam "St Albans 3"]
[BlackTeam "Warley and Quinborne"]

1. c4 e5 2. b3 Nf6 3. Nf3 Nc6 4. d3 Bb4+ 5. Bd2 e4 6. Bxb4 Nxb4 7. Nd4 c5 8.
Nc2 a5 9. Nxb4 axb4 10. e3 d5 11. dxe4 Nxe4 12. Qxd5 Qe7 13. Bd3 Nxf2 14. O-O
Nxd3 15. Qxd3 O-O 16. Nd2 Re8 17. Rfe1 Bg4 18. e4 Rad8 19. Qc2 Qe5 20. Nf3 Bxf3
21. gxf3 Qf4 22. Qg2 Rd6 23. Kh1 Rd3 24. Rf1 Rd2 25. Rf2 Rxf2 26. Qxf2 Rxe4 27.
Qg3 Qxg3 28. hxg3 Re3 29. Kg2 f5 30. Kf2 Re8 31. a4 Kf7 32. Rd1 Ke6 33. Re1+
Kd7 34. Rd1+ Kc6 35. Rd5 g6 36. Rd3 b6 37. Rd1 h6 38. Rd3 h5 39. f4 Re7 40. Kg2
Rd7 41. Re3 Rd2+ 42. Kh3 Kd6 43. Kh4 Rc2 44. Kg5 Rc3 45. Re5 Rxg3+ 46. Kf6 Rxb3
47. Re6+ Kc7 48. Re7+ Kd8 49. Rg7 Rc3 50. Rxg6 Rxc4 51. Kxf5 b3 52. Rxb6 Rb4
53. Rd6+ Kc7 54. Rd3 b2 55. Rd1 c4 56. Kg5 Rxa4 57. f5 Ra1 58. Rxa1 bxa1=Q 59.
f6 Qe5+ 60. Kg6 Qe4+ 61. Kg7 Qe5 62. Kg6 Qd5 63. f7 Qxf7+ 64. Kxf7 c3 65. Kg6
h4 0-1

[Event "4NCL Online Division 5"]
[Site "online"]
[Date "2020.06.02"]
[Round "9.173"]
[White "Berry, Steve"]
[Black "Branch, Graham"]
[Result "1-0"]
[WhiteElo "1480"]
[BlackElo "1450"]
[PlyCount "117"]
[EventDate "2020.06.02"]
[WhiteTeam "Warley and Quinborne"]
[BlackTeam "St Albans 3"]

1. e4 e6 2. d4 d5 3. exd5 exd5 4. h3 Nf6 5. Nc3 c6 6. Bd3 Be6 7. Nf3 h6 8. a3
Nbd7 9. O-O Bd6 10. Re1 Qc7 11. Bf5 Nf8 12. Bxe6 Nxe6 13. Nh4 O-O-O 14. Nf3 g5
15. Ne5 Bxe5 16. dxe5 Nd7 17. Qe2 Nd4 18. Qd3 Ne6 19. Qg3 Rde8 20. b4 a6 21. a4
Nd4 22. Qd3 Ne6 23. Ra2 Nxe5 24. Qf5 Nc4 25. b5 Kb8 26. Qg4 f5 27. Qd1 Re7 28.
bxa6 bxa6 29. Ba3 Nxa3 30. Rxa3 Qd6 31. Ra1 Rb7 32. Rb1 Rhh7 33. Qh5 Rxb1 34.
Rxb1+ Kc7 35. Qg6 Rg7 36. Qxf5 d4 37. Qa5+ Kd7 38. Ne4 Qc7 39. Qxa6 Qe5 40. f3
Nc7 41. Qa7 Ke6 42. Qb8 Nd5 43. Qc8+ Kf7 44. Rb7+ Kg6 45. Qxc6+ Kh7 46. Rxg7+
Qxg7 47. Qxd5 Qa7 48. Qf5+ Kg7 49. Qf6+ Kh7 50. Qf5+ Kg7 51. Nc5 d3 52. cxd3
Qa5 53. Ne6+ Kg8 54. Qxa5 Kf7 55. Qf5+ Ke7 56. Nc5 Kd6 57. a5 Kc6 58. a6 Kb6
59. Qd5 1-0

[Event "4NCL Online Division 5"]
[Site "online"]
[Date "2020.06.02"]
[Round "9.174"]
[White "Wicks, Ben"]
[Black "Woodward, Pauline"]
[Result "1-0"]
[WhiteElo "1442"]
[BlackElo "1262"]
[PlyCount "52"]
[EventDate "2020.06.02"]
[WhiteTeam "St Albans 3"]
[BlackTeam "Warley and Quinborne"]

1. e4 d6 2. d4 Nf6 3. Nc3 g6 4. Be3 Bg7 5. f3 O-O 6. Qd2 c5 7. O-O-O Nfd7 8.
dxc5 Nc6 9. cxd6 e6 10. Bh6 Nb4 11. Bxg7 Kxg7 12. Qd4+ Kg8 13. Qxb4 a5 14. Qc4
b6 15. Nb5 Nc5 16. Nc7 Ra7 17. Qb5 Nd7 18. Ne2 e5 19. Nc3 Bb7 20. N3d5 a4 21.
Nxb6 a3 22. Qxd7 Qg5+ 23. Kb1 Qe3 24. Nc4 Qc5 25. Qb5 Qxb5 26. Nxb5 Rb8 1-0

[Event "4NCL Online Division 5"]
[Site "online"]
[Date "2020.06.02"]
[Round "9.181"]
[White "Humeniuk, Michael"]
[Black "Lingard, Geoffrey W"]
[Result "1-0"]
[WhiteElo "1480"]
[BlackElo "1765"]
[PlyCount "41"]
[EventDate "2020.06.02"]
[WhiteTeam "Broken Herts 2"]
[BlackTeam "Bude Surfers"]

1. e4 d5 2. exd5 Nf6 3. d4 Nxd5 4. c4 Nb4 5. a3 N4c6 6. Nf3 Nd7 7. Be2 g6 8.
O-O Bg7 9. Be3 O-O 10. Nc3 e6 11. Qd2 Nf6 12. Bg5 b6 13. Rad1 Nb8 14. Ne5 Bb7
15. Qf4 Nh5 16. Bxh5 f6 17. Bxg6 fxg5 18. Bf7+ Kh8 19. Qg4 Qe7 20. Ng6+ hxg6
21. Qh3+ 1-0

[Event "4NCL Online Division 5"]
[Site "online"]
[Date "2020.06.02"]
[Round "9.182"]
[White "Constable, Christine F"]
[Black "Lynch, Mark"]
[Result "0-1"]
[WhiteElo "1577"]
[BlackElo "1472"]
[PlyCount "126"]
[EventDate "2020.06.02"]
[WhiteTeam "Bude Surfers"]
[BlackTeam "Broken Herts 2"]

1. d4 d5 2. Nf3 Nf6 3. e3 e6 4. Bd3 c5 5. b3 Nc6 6. Bb2 Nb4 7. O-O Nxd3 8. Qxd3
g6 9. Nbd2 Bg7 10. Ne5 O-O 11. c4 Nd7 12. Rab1 Nxe5 13. dxe5 b6 14. Rfd1 Bb7
15. Nf3 d4 16. exd4 Qe7 17. Qe3 Rad8 18. Ba3 Bxf3 19. Qxf3 Qc7 20. Bb2 Rd7 21.
d5 Qb7 22. h3 Rfd8 23. Rd3 exd5 24. Rbd1 d4 25. Qxb7 Rxb7 26. Re1 Re7 27. f4
Rde8 28. a3 a5 29. b4 axb4 30. axb4 f6 31. bxc5 bxc5 32. Ba3 fxe5 33. Bxc5 e4
34. Rdd1 Rd7 35. Kf1 d3 36. Be3 Bd4 37. Kf2 Kf7 38. g4 h5 39. f5 gxf5 40. gxf5
Kf6 41. Bxd4+ Rxd4 42. c5 Rc4 43. Ke3 Kxf5 44. Rf1+ Ke5 45. Rf4 Rc8 46. Rxd3
R8xc5 47. Rd8 Rc3+ 48. Ke2 Kxf4 49. Rg8 Rxh3 50. Rf8+ Rf5 51. Rd8 Rg3 52. Rh8
Rg4 53. Rh7 Rh4 54. Rd7 Rh2+ 55. Kf1 Ke3+ 56. Kg1 Ra2 57. Rg7 h4 58. Rg8 Rd5
59. Rf8 Rd1+ 60. Rf1 Rxf1+ 61. Kxf1 Kf3 62. Kg1 h3 63. Kh1 Kg3 0-1

[Event "4NCL Online Division 5"]
[Site "online"]
[Date "2020.06.02"]
[Round "9.183"]
[White "Williams, Graham"]
[Black "Constable, John"]
[Result "1-0"]
[WhiteElo "1435"]
[BlackElo "1562"]
[PlyCount "115"]
[EventDate "2020.06.02"]
[WhiteTeam "Broken Herts 2"]
[BlackTeam "Bude Surfers"]

1. d4 g6 2. c4 Bg7 3. e3 Nf6 4. Nc3 d6 5. h3 O-O 6. Nf3 Nbd7 7. Be2 e5 8. dxe5
Nxe5 9. O-O Be6 10. b3 Nfd7 11. Bb2 a6 12. Qc2 a5 13. Rad1 Nc5 14. Nxe5 Bxe5
15. f4 Bf6 16. Nd5 Bg7 17. Bxg7 Kxg7 18. Qb2+ f6 19. Bf3 Qd7 20. Rd2 Rf7 21. g4
Bxd5 22. Bxd5 Rff8 23. f5 Rae8 24. Re1 Re5 25. fxg6 hxg6 26. Qc3 b6 27. Bg2 Ne4
28. Bxe4 Rxe4 29. Rf2 Re5 30. Rh2 Qc6 31. Qd2 d5 32. cxd5 Rxd5 33. Qg2 Qc5 34.
Qf3 Re5 35. Rd2 Rfe8 36. Rd7+ R8e7 37. Rxe7+ Rxe7 38. Kf2 Rd7 39. Qe2 Qb4 40.
Rd1 Rxd1 41. Qxd1 Qd6 42. Qxd6 cxd6 43. a4 g5 44. Ke2 Kf7 45. Kd3 Ke6 46. Kd4
f5 47. gxf5+ Kxf5 48. Kd5 g4 49. hxg4+ Kxg4 50. Kxd6 Kg5 51. Kc6 Kf5 52. Kxb6
Ke4 53. Kxa5 Kxe3 54. b4 Kd4 55. b5 Kc5 56. Ka6 Kd6 57. b6 Kc6 58. Ka7 1-0

[Event "4NCL Online Division 5"]
[Site "online"]
[Date "2020.06.02"]
[Round "9.184"]
[White "Russell, Lloyd"]
[Black "Huhn, Robert M"]
[Result "1/2-1/2"]
[WhiteElo "1210"]
[BlackElo "1412"]
[PlyCount "67"]
[EventDate "2020.06.02"]
[WhiteTeam "Bude Surfers"]
[BlackTeam "Broken Herts 2"]

1. d4 d5 2. e3 Nf6 3. c4 c6 4. cxd5 cxd5 5. Nc3 Bf5 6. Bb5+ Nc6 7. Nf3 e6 8.
Ne5 Rc8 9. Nxc6 bxc6 10. Ba4 Bd6 11. O-O O-O 12. a3 Ne4 13. Nxe4 Bxe4 14. b4 a5
15. Bd2 axb4 16. Bxb4 Bxb4 17. axb4 Rb8 18. Bxc6 Rxb4 19. Ba4 Qg5 20. g3 Rfb8
21. Bc2 Qf5 22. Bxe4 Qxe4 23. Qe2 Rxd4 24. Qa6 Rdb4 25. Rac1 g6 26. Rc8+ Kg7
27. Rxb8 Rxb8 28. Qa1+ Kg8 29. Rc1 Qd3 30. h4 Qd2 31. Rd1 Qe2 32. Rb1 Rxb1+ 33.
Qxb1 Qd2 34. Qb8+ 1/2-1/2

[Event "4NCL Online Division 5"]
[Site "online"]
[Date "2020.06.02"]
[Round "9.191"]
[White "Bonner, Dennis M"]
[Black "Amir, Zain"]
[Result "0-1"]
[WhiteElo "1540"]
[BlackElo "1390"]
[PlyCount "156"]
[EventDate "2020.06.02"]
[WhiteTeam "Shropshire 4"]
[BlackTeam "Warwickshire Bears D"]

1. d4 d5 2. Bf4 Nc6 3. e3 Bf5 4. c3 e6 5. h3 Bd6 6. Bd3 Bxd3 7. Qxd3 h6 8. Nf3
Nf6 9. Ne5 Bxe5 10. dxe5 Nd7 11. Qb5 Rb8 12. Nd2 a6 13. Qe2 O-O 14. Nf3 Qe7 15.
O-O Nb6 16. a4 a5 17. Rfc1 Rfd8 18. Bg3 Rf8 19. Nd4 Qd7 20. Nb5 Nc4 21. f4 Ne7
22. b3 Nb6 23. Kh2 Nf5 24. Bf2 Qe7 25. g4 Nh4 26. Bxh4 Qxh4 27. Nxc7 Qe7 28.
Nb5 f6 29. exf6 Qxf6 30. Nd4 Ra8 31. Qb5 Ra6 32. Nc6 Rfa8 33. Ne5 g5 34. Rf1
gxf4 35. exf4 Rd8 36. Qd3 Nd7 37. Ng6 Kg7 38. Ne5 Nxe5 39. fxe5 Qxe5+ 40. Kh1
Rb6 41. Qf3 Qe4 42. Qxe4 dxe4 43. Rab1 Rd3 44. Kh2 Rxc3 45. Rfe1 e3 46. Kg2
Rbxb3 47. Rxb3 Rxb3 48. Kf3 Kf6 49. Ke4 Rb4+ 50. Kxe3 Rxa4 51. Rf1+ Ke7 52. Kd2
Ra2+ 53. Kc3 Ra3+ 54. Kb2 Rxh3 55. Rc1 Rh2+ 56. Ka3 Kd6 57. Ka4 Ra2+ 58. Kb3
Rd2 59. Kc3 Rd5 60. Kb3 b5 61. Rc8 Rd3+ 62. Kb2 Kd7 63. Rc5 Rd4 64. Rh5 Rxg4
65. Rxh6 Kd6 66. Rh8 e5 67. Rd8+ Kc5 68. Rc8+ Kb4 69. Re8 Rg2+ 70. Kc1 Rg5 71.
Kb2 a4 72. Rc8 e4 73. Rc2 Rg3 74. Re2 e3 75. Kc2 Kc4 76. Kb2 Rf3 77. Ka3 Kc3
78. Ka2 Rf2 0-1

[Event "4NCL Online Division 5"]
[Site "online"]
[Date "2020.06.02"]
[Round "9.192"]
[White "Johal, Amrissa Kaur"]
[Black "Jones, Andrew"]
[Result "1/2-1/2"]
[WhiteElo "1382"]
[BlackElo "1502"]
[PlyCount "106"]
[EventDate "2020.06.02"]
[WhiteTeam "Warwickshire Bears D"]
[BlackTeam "Shropshire 4"]

1. d4 d5 2. Nc3 Nf6 3. Bg5 e6 4. e4 Be7 5. e5 Ng8 6. Bxe7 Nxe7 7. Nf3 O-O 8.
Bd3 h6 9. Nb5 Nbc6 10. c4 dxc4 11. Bxc4 Nf5 12. d5 exd5 13. Qxd5 Qe7 14. O-O
Rd8 15. Qe4 a6 16. Nc3 Nfd4 17. Rfe1 Bf5 18. Qf4 Nxf3+ 19. gxf3 Nd4 20. Rad1
Qc5 21. Bb3 Bg6 22. e6 Nxb3 23. Rxd8+ Rxd8 24. axb3 fxe6 25. Rxe6 Bf7 26. Re5
Qd6 27. b4 Qg6+ 28. Qg4 Qc2 29. Re2 Qc1+ 30. Kg2 Rd6 31. Qc8+ Kh7 32. Qxc7 Rg6+
33. Kh3 Qf1+ 34. Kh4 Be6 35. Rxe6 Qxf2+ 36. Kh3 Qxf3+ 37. Qg3 Qf5+ 38. Kh4 Rxg3
39. Rxh6+ Kxh6 40. hxg3 Qg5+ 41. Kh3 Qd2 42. Ne4 Qxb2 43. g4 Qxb4 44. Ng3 Kg5
45. Nf1 Qxg4+ 46. Kh2 b5 47. Ne3 Qe2+ 48. Ng2 b4 49. Kh3 b3 50. Kg3 b2 51. Nf4
Qg4+ 52. Kf2 Qxf4+ 53. Ke2 b1=Q 1/2-1/2

[Event "4NCL Online Division 5"]
[Site "online"]
[Date "2020.06.02"]
[Round "9.193"]
[White "Holyhead, James"]
[Black "Chen, Olivia"]
[Result "1-0"]
[WhiteElo "1330"]
[BlackElo "1307"]
[PlyCount "71"]
[EventDate "2020.06.02"]
[WhiteTeam "Shropshire 4"]
[BlackTeam "Warwickshire Bears D"]

1. d4 e6 2. c4 d5 3. Nc3 Nf6 4. cxd5 exd5 5. Bg5 Be7 6. e3 c6 7. Bd3 Be6 8.
Nge2 Nbd7 9. O-O h6 10. Bf4 O-O 11. f3 Qb6 12. Qd2 Bb4 13. e4 Bxc3 14. bxc3
dxe4 15. fxe4 c5 16. e5 cxd4 17. cxd4 Nd5 18. Bxh6 gxh6 19. Qxh6 f5 20. Qg6+
Kh8 21. Rf3 Nf4 22. Rxf4 Qd8 23. Rf3 Qh4 24. Rh3 Qxh3 25. gxh3 Rg8 26. Nf4
Rxg6+ 27. Nxg6+ Kh7 28. Nf4 Rg8+ 29. Kf2 Kh6 30. Nxe6 f4 31. Kf3 Kh5 32. Nxf4+
Kh4 33. Rc1 b6 34. Rc7 Nb8 35. Rh7+ Kg5 36. Rh5# 1-0

[Event "4NCL Online Division 5"]
[Site "online"]
[Date "2020.06.02"]
[Round "9.194"]
[White "Nasibova, Margarita"]
[Black "Hollands, Sam"]
[Result "1-0"]
[WhiteElo "1360"]
[BlackElo "1180"]
[PlyCount "59"]
[EventDate "2020.06.02"]
[WhiteTeam "Warwickshire Bears D"]
[BlackTeam "Shropshire 4"]

1. c4 c5 2. Nc3 d6 3. g3 Nf6 4. Bg2 e6 5. e4 Nbd7 6. Nge2 Be7 7. d3 O-O 8. O-O
a6 9. h3 Rb8 10. Kh2 b5 11. b3 b4 12. Nb1 Bb7 13. f4 Qc7 14. Be3 a5 15. Nd2 e5
16. f5 g6 17. g4 Nb6 18. Ng3 Kg7 19. Qf3 Rh8 20. fxg6 hxg6 21. Bg5 Rh7 22.
Bxf6+ Bxf6 23. Qxf6+ Kg8 24. Nf3 a4 25. Ng5 Rg7 26. Rf2 Rf8 27. Raf1 axb3 28.
axb3 Bc6 29. Ne6 Qb7 30. Qxg7# 1-0

[Event "4NCL Online Division 5"]
[Site "online"]
[Date "2020.06.02"]
[Round "9.201"]
[White "Will, Douglas"]
[Black "Chung, Michael"]
[Result "1-0"]
[WhiteElo "1828"]
[BlackElo "1615"]
[PlyCount "85"]
[EventDate "2020.06.02"]
[WhiteTeam "Grangemouth Giants"]
[BlackTeam "Streatham C"]

1. e4 e5 2. Nc3 Nf6 3. f4 d5 4. fxe5 Nxe4 5. d3 Nxc3 6. bxc3 Be6 7. Nf3 Be7 8.
Be2 c5 9. O-O Nc6 10. Qe1 h6 11. Rb1 Qc7 12. Qg3 O-O-O 13. d4 c4 14. Kh1 f6 15.
exf6 Bd6 16. Qxg7 Bf7 17. Qg4+ Kb8 18. Ne5 Nxe5 19. dxe5 Bxe5 20. Bf4 h5 21.
Bxe5 Qxe5 22. Qf4 Rde8 23. Qxe5+ Rxe5 24. Rf2 Rhe8 25. Bf3 Re3 26. h3 Kc7 27.
Rd1 Re1+ 28. Rxe1 Rxe1+ 29. Kh2 Re3 30. Bxh5 Bxh5 31. f7 Bxf7 32. Rxf7+ Kc6 33.
Rf2 Rxc3 34. g4 Kd6 35. g5 Re3 36. g6 Re7 37. h4 d4 38. Kg3 d3 39. cxd3 cxd3
40. h5 Re3+ 41. Kf4 Re2 42. Kf3 d2 43. Kxe2 1-0

[Event "4NCL Online Division 5"]
[Site "online"]
[Date "2020.06.02"]
[Round "9.202"]
[White "Yordanov, Denislav"]
[Black "Sandham, Alasdair"]
[Result "0-1"]
[WhiteElo "1412"]
[BlackElo "1361"]
[PlyCount "48"]
[EventDate "2020.06.02"]
[WhiteTeam "Streatham C"]
[BlackTeam "Grangemouth Giants"]

1. e4 c5 2. Nf3 d6 3. h3 g5 4. Nxg5 Bg7 5. Bc4 e6 6. d3 Nc6 7. Be3 Bxb2 8. Nd2
Bxa1 9. Qxa1 Qf6 10. Qd1 Na5 11. Bb5+ Bd7 12. Bxd7+ Kxd7 13. Qb1 b6 14. Qb5+
Nc6 15. Qa6 Rb8 16. O-O h6 17. Ngf3 Nge7 18. Qb5 Rhg8 19. Bxh6 Qxh6 20. Qb2
Qxh3 21. g3 Rh8 22. Nh4 Rxh4 23. gxh4 Rg8+ 24. Qg7 Rxg7# 0-1

[Event "4NCL Online Division 5"]
[Site "online"]
[Date "2020.06.02"]
[Round "9.203"]
[White "Hanlon, Hugh W"]
[Black "Isaacs, Ruairi"]
[Result "1-0"]
[WhiteElo "1319"]
[BlackElo "1360"]
[PlyCount "65"]
[EventDate "2020.06.02"]
[WhiteTeam "Grangemouth Giants"]
[BlackTeam "Streatham C"]

1. e4 c5 2. Nf3 Nc6 3. Nc3 e6 4. Bc4 Nf6 5. O-O a6 6. a3 b5 7. Be2 Bb7 8. d4
cxd4 9. Nxd4 Nxd4 10. Qxd4 Be7 11. Bd3 O-O 12. Bf4 Rc8 13. Qe3 Bc5 14. Qh3 h6
15. Be3 Bxe3 16. Qxe3 Qc7 17. Rae1 d5 18. e5 Nd7 19. Qg3 d4 20. Ne2 Nxe5 21.
Nxd4 Nxd3 22. Qxd3 Rfd8 23. Qe3 e5 24. Nf5 Qxc2 25. Ne7+ Kf8 26. Nxc8 Qxc8 27.
Qxe5 Rd5 28. Qe7+ Kg8 29. Qe8+ Qxe8 30. Rxe8+ Kh7 31. Re7 Rg5 32. g3 f6 33.
Rxb7 1-0

[Event "4NCL Online Division 5"]
[Site "online"]
[Date "2020.06.02"]
[Round "9.204"]
[White "Adatia, Amar"]
[Black "Fowler, David A"]
[Result "0-1"]
[WhiteElo "1247"]
[BlackElo "1161"]
[PlyCount "64"]
[EventDate "2020.06.02"]
[WhiteTeam "Streatham C"]
[BlackTeam "Grangemouth Giants"]

1. e4 d6 2. d4 Nf6 3. Nc3 g6 4. Nf3 Bg7 5. Be2 O-O 6. O-O Nbd7 7. e5 Ne8 8. Bf4
dxe5 9. Nxe5 Nd6 10. Nxd7 Bxd7 11. Bxd6 cxd6 12. Bg4 Bc6 13. d5 Bd7 14. Bxd7
Qxd7 15. Qd3 Rac8 16. Rab1 Rc7 17. Nb5 Rc5 18. Nc3 Rfc8 19. Rfe1 Bxc3 20. bxc3
Rxc3 21. Qe4 Rxc2 22. g3 Rxa2 23. Qxe7 Qf5 24. Qe3 Rcc2 25. Qe8+ Kg7 26. Qe3
Rxf2 27. Qc3+ Kh6 28. Qe3+ Kh5 29. Qe4 Rf1+ 30. Rxf1 Qxe4 31. Rf2 Rxf2 32. Kxf2
Qxb1 0-1

[Event "4NCL Online Division 5"]
[Site "online"]
[Date "2020.06.02"]
[Round "9.211"]
[White "Feldman, Keith"]
[Black "Parsons, Robert"]
[Result "0-1"]
[WhiteElo "1330"]
[BlackElo "1720"]
[PlyCount "48"]
[EventDate "2020.06.02"]
[WhiteTeam "St Albans 4"]
[BlackTeam "Hatch End B"]

1. d4 d5 2. c4 dxc4 3. Nc3 Nf6 4. Bg5 a6 5. e3 b5 6. Rc1 Bb7 7. Nf3 e6 8. a3
Be7 9. Be2 O-O 10. O-O Nbd7 11. Re1 c5 12. Rc2 cxd4 13. Nxd4 Qc7 14. Rd2 Rad8
15. Bf3 Nc5 16. Be2 Rd7 17. f3 Rfd8 18. Bh4 e5 19. Bg3 Nh5 20. Bxe5 Qxe5 21. f4
Qxe3+ 22. Kh1 Rxd4 23. Bxh5 Bxg2+ 24. Rxg2 Rxd1 0-1

[Event "4NCL Online Division 5"]
[Site "online"]
[Date "2020.06.02"]
[Round "9.212"]
[White "Barry, Brendan"]
[Black "Cowan, James"]
[Result "0-1"]
[WhiteElo "1315"]
[BlackElo "1300"]
[PlyCount "68"]
[EventDate "2020.06.02"]
[WhiteTeam "Hatch End B"]
[BlackTeam "St Albans 4"]

1. e4 c5 2. Nf3 d6 3. Bc4 Nf6 4. Nc3 Nc6 5. O-O g6 6. h3 Bg7 7. Re1 O-O 8. a3
a6 9. b4 b5 10. bxc5 bxc4 11. cxd6 exd6 12. d4 Rb8 13. Bg5 h6 14. Bxf6 Bxf6 15.
Nd5 Re8 16. c3 Bb7 17. a4 Na5 18. e5 dxe5 19. dxe5 Bxd5 20. exf6 Rxe1+ 21. Qxe1
Bxf3 22. gxf3 Qxf6 23. Qe4 Qxc3 24. Rd1 Qf6 25. f4 g5 26. Rd5 Nc6 27. Rc5 Rc8
28. Rf5 Qa1+ 29. Kg2 gxf4 30. Qxf4 Qg7+ 31. Qg4 Qxg4+ 32. hxg4 c3 33. Rc5 Na7
34. Rxc8+ Nxc8 0-1